=LDR 00000nam 2200000 4500 =001 INLIS000000000034798 =005 20200211061702 =035 ##$$a 0010-061300000034798 =008 200211################g##########0#ind## =041 ##$$a ind =082 ##$$a 006.69 =090 ##$$a 006.69, Zam m =100 ##$$a ZAM, Efvy Zamidra =245 1#$$a Menggambar dengan paint /$c Efvy Zamidra Zam =260 ##$$a Bandung :$b Yrama Widya,$c 2007 =300 ##$$a 84 hlm. : $b ilus. ; $c 14 x 20 cm =650 #4$$a Paint - Program Komputer Menggambar =850 ##$$a NBPNMAT =020 ##$$a 979-543-129-7 =084 ##$$a 006.69 ZAM m =250 ##$$a Cet. 1 =990 ##$$a 21011104 =990 ##$$a 21011105 =990 ##$$a 21011106